000
00191 a2200097 4500
001
7864
100
_a
Wollaso
245
_a
China in the morning
260
_a
_b
Cape
_c
090
_c
6310
_d
6310
942
_a
NUST-CAE
_c
M
_c
32835
999
_c
242937
_d
242937